Hamilton - les chansons - Statistiques

Statistiques générales
  • Ce quiz a été pris 390 fois
  • Le résultat moyen est 29 sur 46
Statistiques - réponses
Réponse % Correct
Alexander Hamilton
98%
My Shot
90%
Satisfied
89%
Aaron Burr, Sir
86%
Helpless
85%
Non-Stop
79%
The Story Of Tonight
79%
The Story of Tonight - Reprise
79%
The Schuyler Sisters
78%
Wait for It
78%
Burn
77%
You'll Be Back
75%
Say No to This
73%
Yorktown (The World Turned Upside Down)
73%
Who Lives, Who Dies, Who Tells the Story
72%
Dear Theodosia
69%
Guns and Ships
67%
Right Hand Man
67%
The Room Where It Happens
67%
Cabinet Battle #1
65%
Cabinet Battle #2
65%
Stay Alive
65%
Stay Alive - Reprise
65%
A Winter's Ball
64%
Take a Break
64%
Hurricane
63%
The Reynolds Pamphlet
63%
The Election of 1800
56%
Farmer Refuted
55%
It's Quiet Uptown
55%
What Comes Next
55%
History Has Its Eyes on You
54%
What'd I Miss
54%
That Would Be Enough
53%
Washington on Your Side
53%
Ten Duel Commandments
51%
I Know Him
50%
Best of Wives and Best of Women
49%
Meet Me Inside
49%
We Know
49%
The World Was Wide Enough
48%
One Last Time
47%
Schuyler Defeated
43%
The Adams Administration
41%
Blow Us All Away
38%
Your Obediant Servant
34%
Aucun quiz correspondant
Distribution des résultats
% des personnes avec chaque résultat
Percentile par nombre de réponses
Votre historique - résultats
Vous n’avez pas pris ce quiz